|
|
|
|
| LEADER |
01393nam a2200385Ia 4500 |
| 001 |
EBC456728 |
| 003 |
MiAaPQ |
| 005 |
20200520144314.0 |
| 006 |
m o d | |
| 007 |
cr cn||||||||| |
| 008 |
960717s1996 enka sb 001 0 eng d |
| 010 |
|
|
|z 96069126
|
| 020 |
|
|
|z 9780761951674
|
| 020 |
|
|
|z 0761951660
|
| 020 |
|
|
|z 0761951679 (pbk.)
|
| 035 |
|
|
|a (MiAaPQ)EBC456728
|
| 035 |
|
|
|a (Au-PeEL)EBL456728
|
| 035 |
|
|
|a (CaPaEBR)ebr10326955
|
| 035 |
|
|
|a (CaONFJC)MIL226253
|
| 035 |
|
|
|a (OCoLC)823843071
|
| 040 |
|
|
|a MiAaPQ
|c MiAaPQ
|d MiAaPQ
|
| 050 |
|
4 |
|a HD58.82
|b .O743 1996
|
| 245 |
0 |
0 |
|a Organizational learning and competitive advantage
|h [electronic resource] /
|c edited by Bertrand Moingeon and Amy Edmondson.
|
| 260 |
|
|
|a London ;
|a Thousand Oaks, CA :
|b Sage Publications,
|c 1996.
|
| 300 |
|
|
|a ix, 229 p. :
|b ill.
|
| 504 |
|
|
|a Includes bibliographical references and index.
|
| 533 |
|
|
|a Electronic reproduction. Ann Arbor, MI : ProQuest, 2015. Available via World Wide Web. Access may be limited to ProQuest affiliated libraries.
|
| 650 |
|
0 |
|a Organizational learning.
|
| 650 |
|
0 |
|a Competition.
|
| 650 |
|
0 |
|a Strategic planning.
|
| 655 |
|
4 |
|a Electronic books.
|
| 700 |
1 |
|
|a Moingeon, Bertrand.
|
| 700 |
1 |
|
|a Edmondson, Amy C.
|
| 710 |
2 |
|
|a ProQuest (Firm)
|
| 856 |
4 |
0 |
|u https://ebookcentral.proquest.com/lib/matrademy/detail.action?docID=456728
|z Click to View
|